[Event "HUN-chT2 Barcza 1213"]
[Site "Hungary"]
[Date "2012.11.04"]
[Round "3.7"]
[White "Benyei, Antal"]
[Black "Bordos, Janos"]
[Result "1-0"]
[WhiteElo "1953"]
[BlackElo "2039"]
[PlyCount "31"]
[EventDate "2012.09.16"]
[EventType "team-tourn"]
[EventRounds "11"]
[EventCountry "HUN"]
[SourceTitle "EXT 2014"]
[Source "ChessBase"]
[SourceDate "2013.11.20"]
[SourceVersion "1"]
[SourceVersionDate "2013.11.20"]
[SourceQuality "1"]
[WhiteTeam "DEAC"]
[BlackTeam "Debrecen Sakkiskola"]
[WhiteTeamCountry "HUN"]
[BlackTeamCountry "HUN"]

1. e4 c5 2. Nf3 Nc6 3. d4 cxd4 4. Nxd4 g6 5. Be3 Bg7 6. Nc3 d6 7. Qd2 a6 8. Nd5 e6 9. Nxc6 bxc6 10. Bb6 Qd7 11. Nc7+ Ke7 12. Nxa8 Qb7 13. Rd1 Qb8 14. Bc7 Qxb2 15. Qxd6+ Kf6 16. Bd8+ 1-0

[Event "HUN-chT2 Barcza 1011"]
[Site "Hungary"]
[Date "2010.10.04"]
[Round "2.8"]
[White "Jakab, Mihaly"]
[Black "Benyei, Antal"]
[Result "0-1"]
[WhiteElo "1867"]
[BlackElo "1974"]
[PlyCount "120"]
[EventDate "2010.09.12"]
[EventType "team-tourn"]
[EventRounds "11"]
[EventCountry "HUN"]
[SourceTitle "EXT 2012"]
[Source "ChessBase"]
[SourceDate "2011.11.24"]
[SourceVersion "1"]
[SourceVersionDate "2011.11.24"]
[SourceQuality "1"]
[WhiteTeam "Balkany"]
[BlackTeam "DEAC"]
[WhiteTeamCountry "HUN"]
[BlackTeamCountry "HUN"]

1. c4 c6 2. Nf3 Nf6 3. Nc3 d5 4. d4 dxc4 5. a4 e6 6. Bg5 Nbd7 7. e3 Qa5 8. Bxf6 Nxf6 9. Nd2 Bb4 10. Bxc4 Bxc3 11. bxc3 Qxc3 12. 0-0 0-0 13. Qe2 e5 14. dxe5 Qxe5 15. Nf3 Qh5 16. Nd4 Qxe2 17. Bxe2 c5 18. Nb3 b6 19. a5 Be6 20. Nd2 Rfd8 21. Nc4 b5 22. Ne5 b4 23. Rfc1 Rac8 24. Bb5 Rd6 25. Nc4 Bxc4 26. Rxc4 Nd5 27. Rd1 Rdd8 28. g3 g6 29. Ba6 Nc3 30. Rxd8+ Rxd8 31. Rxc5 b3 32. Rxc3 b2 33. Rb3 Rd1+ 34. Kg2 b1Q 35. Rxb1 Rxb1 36. Bd3 Rb2 37. a6 Kg7 38. g4 Kf6 39. Be4 Ke5 40. Bb7 Kd6 41. h4 Kc7 42. Be4 Kb6 43. Bd3 Rb4 44. Kg3 Ra4 45. h5 Rxa6 46. Bxa6 Kxa6 47. Kf4 gxh5 48. gxh5 Kb6 49. Ke5 a5 50. Kd4 Kb5 51. Kc3 Kc5 52. Kb3 Kd5 53. f3 h6 54. Kc3 Ke5 55. Kb3 Kf5 56. Ka4 Kg5 57. Kxa5 Kxh5 58. Kb4 Kh4 59. Kc3 Kg3 60. f4 h5 0-1

[Event "HUN-chT2 Barcza 0910"]
[Site "Hungary"]
[Date "2010.01.31"]
[Round "5.9"]
[White "Bodis, Laszlo"]
[Black "Benyei, Antal"]
[Result "0-1"]
[WhiteElo "1988"]
[BlackElo "1946"]
[PlyCount "82"]
[EventDate "2009.11.08"]
[EventType "team-tourn"]
[EventRounds "11"]
[EventCountry "HUN"]
[SourceTitle "EXT 2011"]
[Source "ChessBase"]
[SourceDate "2010.11.26"]
[SourceVersion "1"]
[SourceVersionDate "2010.11.26"]
[SourceQuality "1"]
[WhiteTeam "HSSE"]
[BlackTeam "DEAC"]
[WhiteTeamCountry "HUN"]
[BlackTeamCountry "HUN"]

1. e4 e5 2. Nf3 Nf6 3. Nc3 Bb4 4. Bc4 0-0 5. 0-0 d6 6. d3 h6 7. h3 Be6 8. Bxe6 fxe6 9. a3 Bxc3 10. bxc3 Qe8 11. Re1 Nbd7 12. Bd2 Qf7 13. c4 Nh5 14. Qe2 Nf4 15. Bxf4 Qxf4 16. Qe3 Kh7 17. c3 g5 18. d4 exd4 19. cxd4 e5 20. Qxf4 exf4 21. e5 dxe5 22. Nxe5 Nf6 23. Nd7 Nxd7 24. Re7+ Kg6 25. Rxd7 Rf7 26. Rxf7 Kxf7 27. Re1 Rd8 28. Re4 c6 29. Kf1 b5 30. c5 a5 31. Ke2 Re8 32. f3 Rxe4+ 33. fxe4 Ke6 34. Kd3 h5 35. Ke2 g4 36. Kd3 gxh3 37. gxh3 b4 38. axb4 axb4 39. d5+ cxd5 40. c6 dxe4+ 41. Kxe4 b3 0-1

[Event "HUN-chT2 Barcza 0910"]
[Site "Hungary"]
[Date "2009.11.22"]
[Round "2.8"]
[White "Galko, Attila"]
[Black "Benyei, Antal"]
[Result "1/2-1/2"]
[WhiteElo "1850"]
[BlackElo "1946"]
[PlyCount "135"]
[EventDate "2009.11.08"]
[EventType "team-tourn"]
[EventRounds "11"]
[EventCountry "HUN"]
[SourceTitle "EXT 2011"]
[Source "ChessBase"]
[SourceDate "2010.11.26"]
[SourceVersion "1"]
[SourceVersionDate "2010.11.26"]
[SourceQuality "1"]
[WhiteTeam "Edeleny"]
[BlackTeam "DEAC"]
[WhiteTeamCountry "HUN"]
[BlackTeamCountry "HUN"]

1. e4 e5 2. Nc3 Nc6 3. Bc4 Bc5 4. d3 d6 5. a3 Be6 6. Bd5 Qd7 7. f4 Nf6 8. Bxc6 Qxc6 9. f5 Bd7 10. Nf3 h6 11. h3 0-0-0 12. Qe2 Qb6 13. b4 Bd4 14. Nxd4 exd4 15. Nd1 Bxf5 16. Qf2 Bd7 17. Bb2 c5 18. 0-0 Be6 19. c3 dxc3 20. Nxc3 Nd7 21. Rac1 Kb8 22. Nd5 Bxd5 23. exd5 f6 24. bxc5 dxc5 25. d4 c4 26. Rxc4 Qd6 27. Rfc1 Rc8 28. Qc2 Rxc4 29. Qxc4 Nb6 30. Qc5 Qxc5 31. dxc5 Nxd5 32. Rd1 Rd8 33. Bc3 Kc8 34. Ba5 Rd7 35. Rc1 Nc7 36. c6 bxc6 37. Rxc6 Kb7 38. Rc1 Ne6 39. Rc4 Rd4 40. Rc3 Rd5 41. Rb3+ Kc6 42. Be1 Rd1 43. Re3 Nf4 44. Kh2 Nd5 45. Re6+ Kd7 46. Re2 Ra1 47. Bb4 Nxb4 48. axb4 Ra3 49. Rc2 Ra4 50. b5 Ra5 51. Rd2+ Kc7 52. Re2 Kd7 53. Rd2+ Kc8 54. Rc2+ Kb8 55. Re2 Rxb5 56. Re8+ Kb7 57. Re7+ Kb6 58. Rxg7 a5 59. Rg6 a4 60. Rxh6 a3 61. Rxf6+ Ka5 62. Rf8 Ka4 63. Rf2 Rb2 64. Rf4+ Rb4 65. Rf2 Rb2 66. Rf4+ Rb4 67. Rf2 Rb2 68. Rf4+ 1/2-1/2

[Event "HUN-chT2 Barcza 0203"]
[Site "Hungary"]
[Date "2003.03.23"]
[Round "9"]
[White "Benyei, Antal"]
[Black "Szabo, Leon"]
[Result "0-1"]
[WhiteElo "2015"]
[BlackElo "2004"]
[PlyCount "82"]
[EventDate "2002.09.22"]
[EventType "team"]
[EventRounds "11"]
[EventCountry "HUN"]
[SourceTitle "EXT 2009"]
[Source "ChessBase"]
[SourceDate "2008.11.26"]
[SourceVersion "1"]
[SourceVersionDate "2008.11.26"]
[SourceQuality "1"]

1. e4 e6 2. d4 d5 3. e5 c5 4. c3 Qb6 5. Nf3 Bd7 6. Be2 cxd4 7. cxd4 Bb5 8. Qb3 Bxe2 9. Qxb6 axb6 10. Kxe2 Nc6 11. Nc3 Kd7 12. Be3 Nge7 13. Rhd1 f6 14. Rac1 Ng6 15. exf6 gxf6 16. g4 Bd6 17. a3 Rhg8 18. Rg1 Na5 19. Na4 Bc7 20. Nd2 Nc6 21. Nc3 Nf4+ 22. Kf3 Nh3 23. Rg2 Raf8 24. Nb5 Bb8 25. Ke2 f5 26. f3 h5 27. g5 Bf4 28. Nb3 Rg6 29. Kd2 Rfg8 30. Bxf4 Nxf4 31. Rg3 Rxg5 32. Rxg5 Rxg5 33. Ke3 Ng6 34. Rc2 Nh4 35. f4 Rg4 36. Rf2 Ng2+ 37. Kf3 Nxf4 38. h3 Nxh3 39. Rh2 Ng5+ 40. Ke3 h4 41. Nd2 h3 0-1

[Event "HUN-chT3 0102"]
[Site "Hungary"]
[Date "2001.09.30"]
[Round "1.3"]
[White "Hajnal, Gyula"]
[Black "Benyei, Antal"]
[Result "0-1"]
[WhiteElo "2096"]
[BlackElo "2012"]
[PlyCount "78"]
[EventDate "2001.09.30"]
[EventType "team"]
[EventRounds "11"]
[EventCountry "HUN"]
[SourceTitle "EXT 2004"]
[Source "ChessBase"]
[SourceDate "2003.11.25"]
[SourceVersion "1"]
[SourceVersionDate "2003.11.25"]
[SourceQuality "1"]

1. c4 e5 2. Nc3 c6 3. e3 Nf6 4. Nge2 d5 5. cxd5 cxd5 6. d4 exd4 7. Nxd4 Nc6 8. Bb5 Bd7 9. 0-0 Bc5 10. Nb3 Bd6 11. Nxd5 Bxh2+ 12. Kxh2 Ng4+ 13. Kg3 h5 14. f4 h4+ 15. Kf3 Nh2+ 16. Kf2 Nxf1 17. Qxf1 h3 18. g3 h2 19. Qh1 Rc8 20. Bd2 Be6 21. Nc3 Bxb3 22. Qe4+ Be6 23. Ke2 Qe7 24. Qf3 Bd7 25. Kf2 a6 26. Ba4 b5 27. Nd5 Qd6 28. Bb3 Be6 29. Rh1 Bxd5 30. Bxd5 Ne7 31. e4 Nxd5 32. exd5 Qc5+ 33. Kg2 Qc2 34. Qe3+ Kf8 35. Rxh2 Rxh2+ 36. Kxh2 Re8 37. Qf2 Kg8 38. Be3 Qd3 39. d6 Qxe3 0-1

[Event "HUN-ch U16"]
[Site "Balatonlelle"]
[Date "2001.??.??"]
[Round "6"]
[White "Torok, Sandor"]
[Black "Benyei, Antal"]
[Result "1-0"]
[WhiteElo "2113"]
[BlackElo "2012"]
[PlyCount "71"]
[EventDate "2001.??.??"]
[EventType "swiss"]
[EventRounds "9"]
[EventCountry "HUN"]
[SourceTitle "EXT 2002"]
[Source "ChessBase"]
[SourceDate "2001.11.25"]
[SourceVersion "1"]
[SourceVersionDate "2001.11.25"]
[SourceQuality "1"]

1. e4 e5 2. Nf3 Nc6 3. Nc3 Nf6 4. d4 exd4 5. Nd5 Be7 6. Bf4 d6 7. Nxd4 Nxd5 8. exd5 Nxd4 9. Qxd4 0-0 10. 0-0-0 Bf6 11. Qd2 Bf5 12. f3 h6 13. g4 Bh7 14. Bg3 Qd7 15. h4 Qa4 16. Kb1 Rfe8 17. Bd3 Bxd3 18. Qxd3 Qb4 19. c3 Qb6 20. Rde1 Rxe1+ 21. Rxe1 a6 22. f4 g6 23. g5 hxg5 24. fxg5 Be5 25. Bxe5 dxe5 26. Rxe5 Qg1+ 27. Kc2 Qh2+ 28. Re2 Qxh4 29. Qe3 Qa4+ 30. Kd3 Qxa2 31. Qe5 Qb1+ 32. Kc4 Qa2+ 33. Kd3 Qa5 34. Rh2 Qb5+ 35. Kc2 Qa4+ 36. Kd2 1-0